| 000 | 00706nam a2200217 4500 | ||
|---|---|---|---|
| 999 |
_c30245 _d30245 |
||
| 001 | 4088945 | ||
| 003 | ARRUPE | ||
| 005 | 20170927122913.0 | ||
| 008 | 740802s1974 njua b 001 0 eng | ||
| 010 | _a 73089093 | ||
| 040 |
_aDLC _cDLC _dDLC |
||
| 050 | 0 | 0 |
_aGN315 _b.A24 |
| 082 | 0 | 0 | _a301.2 |
| 100 | 1 |
_aAceves, Joseph B. _936437 |
|
| 245 | 1 | 0 |
_aIdentity, survival, and change: _bexploring social/cultural anthropology _c[by] Joseph B. Aceves. |
| 260 |
_aMorristown, N.J., _bGeneral Learning Press _c[1974] |
||
| 300 |
_axiii, 284 p. _billus. _c23 cm. |
||
| 504 | _aIncludes bibliographies. | ||
| 650 | 0 |
_aEthnology. _9128 |
|
| 906 |
_a7 _bcbc _corignew _d2 _eopcn _f19 _gy-gencatlg |
||
| 942 |
_2lcc _cMONOGRAPH |
||